| 000 | 00731nam a22002177a 4500 | ||
|---|---|---|---|
| 003 | OSt | ||
| 005 | 20260310064504.0 | ||
| 008 | 260310b |||||||| |||| 00| 0 eng d | ||
| 020 | _a978-0-448-09529-5 | ||
| 040 |
_aDWCL GS lib _cOC |
||
| 082 | _2K26m 1996 | ||
| 100 | _aCAROLYN KEENE | ||
| 245 |
_aMystery at the ski jump _cCAROLYN KEENE |
||
| 260 |
_aNew York _bGrosset & Dunlap _c1996 |
||
| 300 |
_avii,176 pages: _billustrations _c19cm. |
||
| 520 | _ateen detective Nancy Drew investigates a fur-stealing ring that tricked her housekeeper, Hannah, into buying stolen mink. | ||
| 546 | _aEnglish | ||
| 650 | _2Integrity and Personal Reputation | ||
| 650 | _2Resilience and Resourcefulness | ||
| 942 |
_2ddc _cFIC. _hFic. _n0 |
||
| 999 |
_c8870 _d8870 |
||